| 000 | 00611nam a22001457a 4500 | ||
|---|---|---|---|
| 020 | _a0-380-01817-9 | ||
| 082 |
_a823 _bMCC/T |
||
| 100 | _a MCCULLOUGH COLLEN | ||
| 245 | _aTHE THORN BIRDS | ||
| 260 |
_aNEW YORK _bAVON BOOKS |
||
| 300 | _a692 | ||
| 520 | _aThe Thorn Birds is a romance novel written and published by Australian author Colleen McCullough in 1977. The novel, set on a fictional sheep station in Australia named Drogheda, explores the trials and tribulations of multiple generations of the Cleary family from 1915 until its conclusion in 1969. | ||
| 650 |
_aNOVEL,ENGLISH _zNEW YORK |
||
| 942 | _cBK | ||
| 999 |
_c2455 _d2455 |
||